000 00813nam a22002177a 4500
003 UA-OsUOA
001 39046
007 ta
008 20080304b un ||||| |||| 00| 0 ukr d
090 _a09/94(477).062
_bТ65
942 _cBK
040 _aUA-OsUOA
_bukr
_cUA-OsUOA
_dUA-OsUOA
245 _aТрагедія Галицької України
_bматеріяли про польську інвазію, польські варварства і польську окупацію Східної Галичини за кроваві роки: 1918, 1919 і 1920
_cЗладив і упорядкував О. Мегас
300 _a253 с.
955 _a1
041 _aukr
080 _a09/94(477).062
260 _aВінніпег
_c1920
650 7 _a0 Загальний відділ.
_2UDC
999 _c437556
_d437556